000 00785cam a22002057a 4500
020 _a9251054800
040 _cUAB
082 _a631 FOO 2006 A038 Or.
245 0 4 _aThe role of biotechnology in exploring and protecting agricultural genetic resources /
260 _aRome :
_bFood and Agriculture Organization of the United nations,
_c2006.
300 _axiii, 187 p. :
_bill. ;
_c25 cm.
500 _aBased on a series of e-mail conferences hosted by the FAO Biotechnology Forum in 2005.
650 0 _aAgricultural biotechnology.
650 0 _aGermplasm resources.
700 1 _aRuane, John,
700 1 _aSonnino, Andrea.
710 2 _aFood and Agriculture Organization of the United Nations.
856 4 1 _uhttp://www.loc.gov/catdir/toc/fy0703/2006484128.html
942 _cEK
999 _c11399
_d11399